| 000 | 01044nam a2200277Ia 4500 | ||
|---|---|---|---|
| 003 | OSt | ||
| 005 | 20220930092832.0 | ||
| 006 | a|||||r|||| 00| 0 | ||
| 007 | ta | ||
| 008 | 220926b |||||||| |||| 00| 0 eng d | ||
| 024 | _a25182 | ||
| 037 | _cTheses | ||
| 040 |
_aCRL _cCRL _beng |
||
| 041 |
_2eng _aeng |
||
| 100 |
_aKhowal Hemant Kumar _9549799 |
||
| 110 |
_aUniversity OF Delhi. Faculty OF Medical Scieces. Department OF General Surgery _9549800 |
||
| 245 | 0 | _aStudy of plasma levle of fibrinogen & vascular endothelial growth factor (vegf) in patients of carcinoma breast before and after tratment and in healthy controls | |
| 260 | _c2014 | ||
| 650 | _aSURGERY | ||
| 700 |
_a Dr. Arun Jain Gu. _9539840 |
||
| 700 |
_a Dr. M. P. Arora Gu. _9536017 |
||
| 700 |
_a Dr. Romesh Lal Gu. _9532808 |
||
| 700 |
_aUniversity OF Delhi. Faculty OF Medical Scieces. Department OF General Surgery _9549801 |
||
| 942 |
_cDIS _2CC |
||
| 999 |
_c884362 _d884362 |
||